000 00797nam a2200241 a 4500
001 000019982
005 20200929170221.0
008 100709s1962 sp 001 i spa d
040 _aDO-SdBNP
_bspa
_cBNPHU
082 _a866.6
_bG633c
100 1 _aGómez de la Serna, Ramón,
_d1888-1963
_914278
245 1 4 _aCartas a las golondrinas /
_cRamón Gómez de La Serna.
260 _aMadrid :
_bEspasa-Calpe,
_c1962.
300 _a221, [16] p. ;
_c18 cm.
490 1 _aAustral. Azul: novelas y cuentos en general
_v1310
500 _aIncluye índice de autores.
650 4 _aCartas españolas
_99744
650 4 _aLiteratura española
_ySIGLO XX
_93326
740 0 _acartas a mí mismo
830 0 _aAustral.
_pAzul: novelas y cuentos en general;
_v1310
_922386
910 _aWM
049 _aBNGR
999 _c19494
_d19494